000 00690nam a2200241Ia 4500
005 20260430150138.0
008 008 250103s9999 xx 000 0 eng d
037 _aTheses
040 _aCRL
040 _beng
040 _ceng
041 _2eng
041 _aeng
084 _qCRL
100 _aKaur Gurvinder Au.; Sharma Urvashi Gu.
_91236589
245 0 _aOrganizational and professional commitment among academia: A study of university of Delhi
260 _c2021
300 _a136p.
650 _aCommerce
700 _aUniversity of Delhi. Faculty of Commerce & Business Studies Sciences. Department of Commerce
_91236590
942 _cTH
999 _c1849060
_d1849060